Guidance on transport assessment (Record no. 106804)

MARC details
000 -LEADER
fixed length control field 01286cad a22002415a 4500
001 - CONTROL NUMBER
control field L137504
008 - FIXED-LENGTH DATA ELEMENTS--GENERAL INFORMATION
fixed length control field 070412s2007 xxkdk f f000 0 eng d
020 ## - INTERNATIONAL STANDARD BOOK NUMBER
International Standard Book Number 9780115528569
035 ## - SYSTEM CONTROL NUMBER
System control number (Sirsi) u137504
041 0# - LANGUAGE CODE
Language code of text/sound track or separate title eng
050 04 - LIBRARY OF CONGRESS CALL NUMBER
Classification number 711.7 $2 18
110 1# - MAIN ENTRY--CORPORATE NAME
Corporate name or jurisdiction name as entry element United Kingdom
Subordinate unit Department for Transport
9 (RLIN) 4866
245 00 - TITLE STATEMENT
Title Guidance on transport assessment
Medium [electronic resource]
260 ## - PUBLICATION, DISTRIBUTION, ETC.
Place of publication, distribution, etc. Norwich
Name of publisher, distributor, etc. TSO
Date of publication, distribution, etc. 2007
520 ## - SUMMARY, ETC.
Summary, etc. PPG13 states that where a new development will have significant transport implications a transport assessment (TA) should be prepared and submitted with a planning application for the development. Assists stakeholders in determining whether an assessment may be required and, if so, what the level and scope of that assessment should be. Provides guidance on the content and preparation of both transport assessments and transport statements.
590 ## - LOCAL NOTE (RLIN)
Local note KA
650 24 - SUBJECT ADDED ENTRY--TOPICAL TERM
Topical term or geographic name entry element PLANNING POLICY GUIDANCE NOTE 13
651 #4 - SUBJECT ADDED ENTRY--GEOGRAPHIC NAME
Geographic name United Kingdom
Chronological subdivision
690 ## - LOCAL SUBJECT ADDED ENTRY--TOPICAL TERM (OCLC, RLIN)
Topical term or geographic name as entry element PROPERTY-INFRASTRUCTURE-TRANSPORT INFRASTRUCTURE
710 1# - ADDED ENTRY--CORPORATE NAME
Corporate name or jurisdiction name as entry element United Kingdom
Subordinate unit Department for Communities and Local Government
9 (RLIN) 4939
856 40 - ELECTRONIC LOCATION AND ACCESS
Uniform Resource Identifier <a href="https://www.dft.gov.uk/pgr/regional/transportassessments/guidanceonta?version=1">https://www.dft.gov.uk/pgr/regional/transportassessments/guidanceonta?version=1</a>
Public note View the item free of charge at www.dft.gov.uk...
942 ## - ADDED ENTRY ELEMENTS (KOHA)
Suppress in OPAC 0
Holdings
Withdrawn status Lost status Source of classification or shelving scheme Damaged status Not for loan Home library Current library Shelving location Date acquired Total Checkouts Full call number Barcode Date last seen Copy number Price effective from Koha item type
    Dewey Decimal Classification     Virtual Virtual Online 12/04/2007   L137504 137504-1001 06/08/2019 1 06/08/2019 Book